000 00617nam a2200229Ia 4500
003 OSt
005 20220923230733.0
006 a|||||r|||| 00| 0
007 ta
008 Pun
024 _a305,187
037 _cTextual
040 _aARTS
_cARTS
_bPun
041 _2Pun
_aPun
082 _aQ8441:332xK66, 153K9
100 _aਮੰਗਲ ਸਿੰਘ
245 0 _aਪਾਤFਾਹੀ ਦਸਵੀ੍ਵ ਪੁਰਾਤਨ ਸੌ ਸਾਖੀ
260 _c1969
650 _aਧਰਮ
942 _hQ8441:332xK66, 153K9
_cTEXL
_2CC
999 _c386990
_d386990